<?xml version="1.0" encoding="UTF-8"?>
<record
    xmlns:xsi="http://www.w3.org/2001/XMLSchema-instance"
    xsi:schemaLocation="http://www.loc.gov/MARC21/slim http://www.loc.gov/standards/marcxml/schema/MARC21slim.xsd"
    xmlns="http://www.loc.gov/MARC21/slim">

  <leader>00406nam a2200157Ia 4500</leader>
  <controlfield tag="008">231217s9999    xx            000 0 und d</controlfield>
  <datafield tag="020" ind1=" " ind2=" ">
    <subfield code="a">8173665753</subfield>
  </datafield>
  <datafield tag="041" ind1=" " ind2=" ">
    <subfield code="a">English</subfield>
  </datafield>
  <datafield tag="082" ind1=" " ind2=" ">
    <subfield code="a">001.64404  POT;1  R1</subfield>
  </datafield>
  <datafield tag="100" ind1=" " ind2=" ">
    <subfield code="a">Potter, Bruce. Fleck, Bob.</subfield>
  </datafield>
  <datafield tag="245" ind1=" " ind2="0">
    <subfield code="a">802.11 Security : securing wireless networks</subfield>
  </datafield>
  <datafield tag="260" ind1=" " ind2=" ">
    <subfield code="c">2003</subfield>
    <subfield code="b">Shroff</subfield>
    <subfield code="a">Mumbai</subfield>
  </datafield>
  <datafield tag="300" ind1=" " ind2=" ">
    <subfield code="a">xiii+176</subfield>
  </datafield>
  <datafield tag="650" ind1=" " ind2=" ">
    <subfield code="a">802.11</subfield>
  </datafield>
  <datafield tag="942" ind1=" " ind2=" ">
    <subfield code="c">AA</subfield>
  </datafield>
  <datafield tag="999" ind1=" " ind2=" ">
    <subfield code="c">179843</subfield>
    <subfield code="d">179843</subfield>
  </datafield>
  <datafield tag="952" ind1=" " ind2=" ">
    <subfield code="r">2024-01-26 00:00:00</subfield>
    <subfield code="l">0</subfield>
    <subfield code="o">001.64404  POT;1  R1</subfield>
    <subfield code="p">47288</subfield>
    <subfield code="u">digital/contents/47288.pdf</subfield>
    <subfield code="v">181.00</subfield>
    <subfield code="w">2024-01-26</subfield>
    <subfield code="y">AA</subfield>
    <subfield code="1">0</subfield>
    <subfield code="4">0</subfield>
    <subfield code="7">0</subfield>
    <subfield code="8">CL</subfield>
    <subfield code="0">0</subfield>
    <subfield code="a">ML</subfield>
    <subfield code="b">ML</subfield>
    <subfield code="c">CL</subfield>
    <subfield code="d">2007-11-29</subfield>
    <subfield code="e">Deepa Book Binders</subfield>
    <subfield code="g">181.00</subfield>
    <subfield code="E">CS</subfield>
    <subfield code="K">105</subfield>
    <subfield code="L">04/09/2008</subfield>
    <subfield code="G">RS</subfield>
    <subfield code="F">1</subfield>
    <subfield code="V">0</subfield>
    <subfield code="W">0</subfield>
  </datafield>
  <datafield tag="952" ind1=" " ind2=" ">
    <subfield code="r">2024-01-26 00:00:00</subfield>
    <subfield code="l">0</subfield>
    <subfield code="o">001.64404  POT;2</subfield>
    <subfield code="p">47289</subfield>
    <subfield code="u">digital/contents/47288.pdf</subfield>
    <subfield code="v">181.00</subfield>
    <subfield code="w">2024-01-26</subfield>
    <subfield code="y">AA</subfield>
    <subfield code="1">0</subfield>
    <subfield code="4">0</subfield>
    <subfield code="7">0</subfield>
    <subfield code="8">CL</subfield>
    <subfield code="0">0</subfield>
    <subfield code="a">ML</subfield>
    <subfield code="b">ML</subfield>
    <subfield code="c">CL</subfield>
    <subfield code="d">2007-11-29</subfield>
    <subfield code="e">Deepa Book Binders</subfield>
    <subfield code="g">181.00</subfield>
    <subfield code="E">CS</subfield>
    <subfield code="K">105</subfield>
    <subfield code="L">04/09/2008</subfield>
    <subfield code="G">RS</subfield>
    <subfield code="F">1</subfield>
    <subfield code="V">0</subfield>
    <subfield code="W">0</subfield>
  </datafield>
  <datafield tag="952" ind1=" " ind2=" ">
    <subfield code="r">2025-05-09 00:00:00</subfield>
    <subfield code="l">1</subfield>
    <subfield code="o">001.64404  POT;3</subfield>
    <subfield code="p">53597</subfield>
    <subfield code="s">2025-04-23</subfield>
    <subfield code="u">digital/contents/47288.pdf</subfield>
    <subfield code="w">2024-01-26</subfield>
    <subfield code="y">AA</subfield>
    <subfield code="1">0</subfield>
    <subfield code="4">0</subfield>
    <subfield code="7">0</subfield>
    <subfield code="8">CS</subfield>
    <subfield code="0">0</subfield>
    <subfield code="a">ML</subfield>
    <subfield code="b">LDL</subfield>
    <subfield code="c">CS</subfield>
    <subfield code="d">2009-03-21</subfield>
    <subfield code="e">Publisher</subfield>
    <subfield code="E">DONATED</subfield>
    <subfield code="L">06/09/2012</subfield>
    <subfield code="G">RS</subfield>
    <subfield code="F">1</subfield>
    <subfield code="V">0</subfield>
    <subfield code="W">0</subfield>
  </datafield>
  <datafield tag="952" ind1=" " ind2=" ">
    <subfield code="r">2025-04-23 00:00:00</subfield>
    <subfield code="l">1</subfield>
    <subfield code="o">001.64404  POT;4  R1</subfield>
    <subfield code="p">88446</subfield>
    <subfield code="s">2025-04-08</subfield>
    <subfield code="u">digital/contents/47288.pdf</subfield>
    <subfield code="v">262.50</subfield>
    <subfield code="w">2024-01-26</subfield>
    <subfield code="y">AA</subfield>
    <subfield code="1">0</subfield>
    <subfield code="4">0</subfield>
    <subfield code="7">0</subfield>
    <subfield code="8">CL</subfield>
    <subfield code="0">0</subfield>
    <subfield code="a">ML</subfield>
    <subfield code="b">LRC</subfield>
    <subfield code="c">CL</subfield>
    <subfield code="d">2014-03-25</subfield>
    <subfield code="e">Allied  publ.</subfield>
    <subfield code="g">350.00</subfield>
    <subfield code="E">IS/PG</subfield>
    <subfield code="K">BA/2013/CR/0005194</subfield>
    <subfield code="G">RS</subfield>
    <subfield code="F">1</subfield>
    <subfield code="V">87.5</subfield>
    <subfield code="W">25</subfield>
  </datafield>
  <datafield tag="952" ind1=" " ind2=" ">
    <subfield code="r">2024-01-26 00:00:00</subfield>
    <subfield code="l">0</subfield>
    <subfield code="o">001.64404  POT;5</subfield>
    <subfield code="p">88447</subfield>
    <subfield code="u">digital/contents/47288.pdf</subfield>
    <subfield code="v">262.50</subfield>
    <subfield code="w">2024-01-26</subfield>
    <subfield code="y">AA</subfield>
    <subfield code="1">0</subfield>
    <subfield code="4">0</subfield>
    <subfield code="7">0</subfield>
    <subfield code="8">CL</subfield>
    <subfield code="0">0</subfield>
    <subfield code="a">ML</subfield>
    <subfield code="b">ML</subfield>
    <subfield code="c">CL</subfield>
    <subfield code="d">2014-03-25</subfield>
    <subfield code="e">Allied  publ.</subfield>
    <subfield code="g">350.00</subfield>
    <subfield code="E">IS/PG</subfield>
    <subfield code="K">BA/2013/CR/0005194</subfield>
    <subfield code="G">RS</subfield>
    <subfield code="F">1</subfield>
    <subfield code="V">87.5</subfield>
    <subfield code="W">25</subfield>
  </datafield>
  <datafield tag="952" ind1=" " ind2=" ">
    <subfield code="r">2024-01-26 00:00:00</subfield>
    <subfield code="l">0</subfield>
    <subfield code="o">001.64404  POT;6</subfield>
    <subfield code="p">88448</subfield>
    <subfield code="u">digital/contents/47288.pdf</subfield>
    <subfield code="v">262.50</subfield>
    <subfield code="w">2024-01-26</subfield>
    <subfield code="y">AA</subfield>
    <subfield code="1">0</subfield>
    <subfield code="4">0</subfield>
    <subfield code="7">0</subfield>
    <subfield code="8">IS/PG</subfield>
    <subfield code="0">0</subfield>
    <subfield code="a">ML</subfield>
    <subfield code="b">ML</subfield>
    <subfield code="c">IS</subfield>
    <subfield code="d">2014-03-25</subfield>
    <subfield code="e">Allied  publ.</subfield>
    <subfield code="g">350.00</subfield>
    <subfield code="E">IS/PG</subfield>
    <subfield code="K">BA/2013/CR/0005194</subfield>
    <subfield code="G">RS</subfield>
    <subfield code="F">1</subfield>
    <subfield code="V">87.5</subfield>
    <subfield code="W">25</subfield>
  </datafield>
</record>
